| 000 | 00682nam a2200217Ia 4500 | ||
|---|---|---|---|
| 003 | GCL | ||
| 008 | 140319s9999 xx 000 0 ara d | ||
| 040 |
_aGCL / _cGCL |
||
| 082 | 0 | 4 |
_a819 _bت ا |
| 100 | 1 | _aوداد القاضى | |
| 245 | 1 | 0 |
_aالاشارات الالهية / _cوداد القاضى |
| 700 | 1 | _aابوحيان الاندلسى | |
| 700 | 1 | _aابوحيان التوحيدى، على بن محمد | |
| 260 |
_aبيروت : _bدار الثقافة ، _c1982 |
||
| 300 | _a480 ص | ||
| 490 |
_aكتاب _v0 |
||
| 650 | 0 | 4 | _aالادب العربى |
| 650 | 0 | 4 | _aالبلاغة العربية |
| 650 | 0 | 4 | _aابوحيان التوحيدى |
| 942 |
_2ddc _cBK |
||
| 999 |
_c42292 _d42292 |
||